000 01442nam a2200301 a 4500
001 BRCA_4935
005 20190320204852.0
008 211010s1823----mx-######v---#000-0#spa-#
041 _aspa
044 _amx
084 _aDOC36
_b.B73
_c1823
100 1 _aBravo Rueda, Nicolás
_d1786-1854
_912454
245 1 0 _aDocumento firmado por Nicolás Bravo
_cNicolás Bravo, Lucas Alamán, Agustín de Iturbide.
260 _aXalapa, Veracruz, México
_c1823
300 _a[2] fojas
_c30 x 21 cm
500 _aDocumento firmado el 5 de mayo de 1823
500 _aDocumento autógrafa de Nicolás Bravo, dirigida a Lucas Alamán, Secretario de Relaciones Exteriores, dandole cuenta de una conversación con Iturbide y de haberle puesto centinela de vista. Fechada en el Cuartel General de Xalapa el 5 de mayo de 1823
500 _aEl documento tiene la leyenda DOC. #45
500 _aEstado de conservación: Contiene laguna en la esquina inferior derecha y anotaciones con tinta roja
506 0 _aFondo reservado: para su consulta es necesario credencial de usuario y carta de motivos
546 _aTexto en: español de principios del siglo XIX
600 1 4 _aBravo Rueda, Nicolás
_d1786-1854
_912454
651 4 _aMéxico
_vManuscrito
_xHistoria
_yPrimeros gobiernos independientes, 1821-1824
_912527
700 1 _aAlamán, Lucas
_d1792-1853
_912528
700 1 _aIturbide, Agustín
_d1783-1824
_912448
902 _aFDH
942 _2lcc
_cD
999 _c4629
_d4629